书目信息 |
| 题名: |
与您的基因对话
|
|
| 作者: | 布兰德 ;吴超群 译 | |
| 分册: | ||
| 出版信息: | 上海 上海科学技术文献出版社 2000 |
|
| 页数: | 179 | |
| 开本: | 20cm | |
| 丛书名: | ||
| 单 册: | ||
| 中图分类: | R363.2 | |
| 科图分类: | ||
| 主题词: | 病理学 | |
| 电子资源: | ||
| ISBN: | 7-5439-1655-X | |
| 000 | 00691nam0 2200205 450 | |
| 001 | 0741144344 | |
| 005 | 20070817112544.34 | |
| 010 | @a7-5439-1655-X@d¥16.80 | |
| 100 | @a20070817d km y0chiy0120 ea | |
| 101 | 0 | @achi |
| 200 | 1 | @a与您的基因对话@Ayu nin de ji yin dui hua@e遗传营养与长寿@f(美)布兰德(Bland,J.S.)@F(mei)bu lan de(Bland,J.S.)@g吴超群译@Gwu chao qun yi |
| 210 | @a上海@c上海科学技术文献出版社@d2000 | |
| 215 | @a179@d20cm | |
| 517 | 1 | @a遗传营养与长寿@Ayi chuan ying yang yu chang shou |
| 606 | 0 | @a病理学 |
| 690 | @aR363.2@v3 | |
| 701 | 0 | @a布兰德@Abu lan de@bBland,J.S. |
| 702 | 0 | @a吴超群@Awu chao qun@4译 |
| 801 | 0 | @aCN@bPFT@c20070817 |
| 905 | @a213230@dR363.2@en1@f1 | |
| 与您的基因对话:遗传营养与长寿/(美)布兰德(Bland,J.S.)/吴超群译.-上海:上海科学技术文献出版社,2000 |
| 179;20cm |
| ISBN 7-5439-1655-X:¥16.80 |
| ● |
| 相关链接 |
|
|
|
|
正题名:与您的基因对话
索取号:R363.2/n1
 
预约/预借
| 序号 | 登录号 | 条形码 | 馆藏地/架位号 | 状态 | 备注 |
| 1 | 6601092 | 266010924 | 密集书库-生命科学系/ [索取号:R363.2/n1] | 在馆 |